ბათუმის შოთა რუსთაველის სახელმწიფო უნივერსიტეტის ბიბლიოთეკა

ნაწერების სრული კრებული : 9 ტომად.ტ. 6.საქართველოს მატიანე (ბიბ.ჩანაწერი № 48877)

000 -LEADER
fixed length control field 01497nam a2200229Ia 4500
001 - CONTROL NUMBER
control field 15779
003 - CONTROL NUMBER IDENTIFIER
control field GE_BSU
008 - FIXED-LENGTH DATA ELEMENTS--GENERAL INFORMATION
fixed length control field 181216s||||||||xx |||||||||||||| ||und||
040 ## - CATALOGING SOURCE
Transcribing agency GE_BSU
080 ## - UNIVERSAL DECIMAL CLASSIFICATION NUMBER
Universal Decimal Classification number 821.353.1 + 94(479.22)(093)
100 ## - MAIN ENTRY--PERSONAL NAME
Personal name ჭავჭავაძე, ი. (ილია, 1837-1907)
245 ## - TITLE STATEMENT
Title ნაწერების სრული კრებული : 9 ტომად.ტ. 6.საქართველოს მატიანე
245 ## - TITLE STATEMENT
Remainder of title საქართველოს მატიანე. შედარებული პირველ-წყაროებთან და შევსებული ახალი ტექსტებით.
245 ## - TITLE STATEMENT
Statement of responsibility, etc. შედარებული პირველ წყაროებთან და შევს. ახალი ტექსტებით პავლე ინგოროყვას და ალ. აბაშელის რედაქციით.
260 ## - PUBLICATION, DISTRIBUTION, ETC.
Place of publication, distribution, etc. ტფილისი
260 ## - PUBLICATION, DISTRIBUTION, ETC.
Date of publication, distribution, etc. 1927
300 ## - PHYSICAL DESCRIPTION
Extent 370 გვ.19 სმ
653 ## - INDEX TERM--UNCONTROLLED
Uncontrolled term ნაწერების სრული კრებული
653 ## - INDEX TERM--UNCONTROLLED
Uncontrolled term საქართველოს ისტორიის წყაროები;
653 ## - INDEX TERM--UNCONTROLLED
Uncontrolled term საქართველოს მატიანე. შედარებული პირველ-წყაროებთან და შევსებული ახალი ტექსტებით.
942 ## - ADDED ENTRY ELEMENTS (KOHA)
Koha item type წიგნი
ეგზემპლარები
Withdrawn status Lost status Damaged status Not for loan Date acquired Barcode Date last seen Price effective from Koha item type
        2018-12-17 39123 2018-12-17 2018-12-17 წიგნი